| 000 | 01313cam a2200229 4500 | ||
|---|---|---|---|
| 001 | 8749 | ||
| 005 | 20181127190640.0 | ||
| 008 | 160108s2016 pau 000 0 eng | ||
| 010 | _a 2016930296 | ||
| 020 | _a9780764351075 | ||
| 082 | 0 | 0 |
_a974.8 _223 |
| 100 | 1 |
_aGadomski, Michael P., _e |
|
| 245 | 1 | 0 |
_aPennsylvania : _ba portrait of the Keystone State / _cMichael P. Gadomski. |
| 264 | 1 |
_aAtglen, PA : _bSchiffer Publishing Ltd., _c2016. |
|
| 300 |
_a112 pages : _bchiefly color illustrations ; _c24 cm |
||
| 336 |
_atext _btxt _2rdacontent |
||
| 337 |
_aunmediated _bn _2rdamedia |
||
| 338 |
_avolume _bnc _2rdacarrier |
||
| 520 | _aDiscover every corner of Pennsylvania, from the place where the United States began to the shores of Lake Erie to the first-class city of Pittsburgh, historic Scranton, and the rural farmland, forestland, and small towns in between. Visit Pennsylvania's historic sites, which are also the nation's historic sites because so many important events took place here. View the birthplace of the only US president from Pennsylvania, trees over 450 years old, the place where oil was first discovered, the peaceful Amish countryside, historic colonial buildings, and modern metropolitan cities. | ||
| 651 | 0 |
_aPennsylvania _vPictorial works. |
|
| 999 |
_c7582 _d7582 |
||